[Event "Schwarzach op-B"]
[Site "Schwarzach"]
[Date "1997.08.24"]
[Round "2.6"]
[White "Schoerghofer, Hans"]
[Black "Mooslechner, Peter"]
[Result "0-1"]
[WhiteElo "1670"]
[BlackElo "1823"]
[PlyCount "64"]
[EventDate "1997.08.23"]
[EventType "swiss"]
[EventRounds "9"]
[EventCountry "AUT"]
[SourceTitle "EXT 1999"]
[Source "ChessBase"]
[SourceDate "1998.11.16"]
[SourceVersion "1"]
[SourceVersionDate "1998.11.16"]
[SourceQuality "1"]

1. e4 d5 2. exd5 Nf6 3. Nf3 Nxd5 4. d4 g6 5. c4 Nb6 6. Be3 Bg7 7. Bd3 Nc6 8. Be2 Bg4 9. 0-0 0-0 10. c5 Nd5 11. Nc3 Nxe3 12. fxe3 Bh6 13. Qd2 e6 14. h3 Bxf3 15. Bxf3 Qg5 16. Rae1 Rfd8 17. Qf2 Qe7 18. Bxc6 bxc6 19. Qf3 Rab8 20. b3 e5 21. Qxc6 exd4 22. exd4 Qd7 23. Qxd7 Rxd7 24. Re4 c6 25. Rd1 Rbd8 26. Ne2 Rd5 27. g4 Rxc5 28. Re7 Rc2 29. Ng3 Rxa2 30. Ne4 Be3+ 31. Kf1 Kf8 32. Rc7 Re8 0-1

[Event "Werfen op-B"]
[Site "Werfen"]
[Date "1996.??.??"]
[Round "5"]
[White "Reck, Bruno"]
[Black "Schoerghofer, Hans"]
[Result "1-0"]
[WhiteElo "1780"]
[BlackElo "1690"]
[PlyCount "59"]
[EventDate "1996.08.??"]
[EventType "swiss"]
[EventRounds "9"]
[EventCountry "AUT"]
[SourceTitle "EXT 2000"]
[Source "ChessBase"]
[SourceDate "1999.11.16"]
[SourceVersion "1"]
[SourceVersionDate "1999.11.16"]
[SourceQuality "1"]

1. d4 Nf6 2. c4 e6 3. Nc3 Bb4 4. Bd2 d5 5. e3 0-0 6. Nf3 c5 7. a3 cxd4 8. Nxd4 Be7 9. Rc1 b6 10. cxd5 Nxd5 11. Bc4 Bb7 12. 0-0 Nd7 13. Ba2 N7f6 14. Qe2 Qd7 15. Rfd1 Rfc8 16. Be1 a6 17. Nxd5 Nxd5 18. Rxc8+ Rxc8 19. a4 Nf4 20. Qg4 Qc7 21. g3 Ng6 22. Nxe6 fxe6 23. Bxe6+ Kh8 24. Bxc8 Bxc8 25. Qe2 Ne5 26. f3 Bh3 27. Bc3 Bc5 28. Kh1 h6 29. Rd5 Ng6 30. Rh5 1-0

[Event "Werfen op-B"]
[Site "Werfen"]
[Date "1996.??.??"]
[Round "6"]
[White "Schoerghofer, Hans"]
[Black "Goeslbauer, Harald"]
[Result "1/2-1/2"]
[WhiteElo "1690"]
[BlackElo "1840"]
[PlyCount "45"]
[EventDate "1996.08.??"]
[EventType "swiss"]
[EventRounds "9"]
[EventCountry "AUT"]
[SourceTitle "EXT 2000"]
[Source "ChessBase"]
[SourceDate "1999.11.16"]
[SourceVersion "1"]
[SourceVersionDate "1999.11.16"]
[SourceQuality "1"]

1. d4 d5 2. Nf3 Nf6 3. c4 c6 4. Nc3 dxc4 5. e4 Na6 6. Bxc4 e6 7. 0-0 Be7 8. Bxa6 bxa6 9. Qa4 Bb7 10. Bf4 0-0 11. e5 Nd5 12. Nxd5 cxd5 13. Rac1 Rc8 14. Rxc8 Bxc8 15. Rc1 Qb6 16. Qc2 h6 17. Qc7 Re8 18. b3 Ba3 19. Rc2 a5 20. Bd2 Ba6 21. Qxb6 axb6 22. Rc6 Rc8 23. Rxb6 1/2-1/2